Ron's big mission / (Record no. 8103)
[ view plain ]
| 000 -LEADER | |
|---|---|
| fixed length control field | 01168nam a22003017a 4500 |
| 001 - CONTROL NUMBER | |
| control field | 8103 |
| 003 - CONTROL NUMBER IDENTIFIER | |
| control field | FISKH |
| 005 - DATE AND TIME OF LATEST TRANSACTION | |
| control field | 20251219080920.0 |
| 008 - FIXED-LENGTH DATA ELEMENTS--GENERAL INFORMATION | |
| fixed length control field | 250825b cb ||||| |||| 00| 0 eng d |
| 020 ## - INTERNATIONAL STANDARD BOOK NUMBER | |
| International Standard Book Number | 9780545290098 |
| 040 ## - CATALOGING SOURCE | |
| Original cataloging agency | FISKH |
| Language of cataloging | eng |
| Transcribing agency | FISKH |
| Modifying agency | FISKH |
| 050 ## - LIBRARY OF CONGRESS CALL NUMBER | |
| Classification number | PZ7.B6248 R |
| 082 ## - DEWEY DECIMAL CLASSIFICATION NUMBER | |
| Classification number | 323.1196 |
| 100 ## - MAIN ENTRY--PERSONAL NAME | |
| Personal name | Blue, Rose |
| Dates associated with a name | (1931-) |
| 245 ## - TITLE STATEMENT | |
| Title | Ron's big mission / |
| Statement of responsibility, etc. | Rose Blue and Corinne J.Naden ; illustrated by Don Tate |
| 250 ## - EDITION STATEMENT | |
| Edition statement | This edition first published in 2010 |
| 260 ## - PUBLICATION, DISTRIBUTION, ETC. | |
| Place of publication, distribution, etc. | New York : |
| Name of publisher, distributor, etc. | Scholastic, |
| Date of publication, distribution, etc. | 2009 |
| 300 ## - PHYSICAL DESCRIPTION | |
| Extent | 30 unnumbered pages : |
| Other physical details | color illustrations ; |
| Dimensions | 28 cm |
| 505 ## - FORMATTED CONTENTS NOTE | |
| Formatted contents note | N<br/> |
| 520 ## - SUMMARY, ETC. | |
| Summary, etc. | One summer day in 1959, nine-year-old Ron McNair, who dreams of becoming a pilot, walks into the Lake City, South Carolina, public library and insists on checking out some books, despite the rule that only white people can have library cards. Includes facts about McNair, who grew up to be an astronaut.<br/> |
| 521 8# - TARGET AUDIENCE NOTE | |
| Target audience note | 540<br/> |
| Source | Lexile<br/> |
| 521 8# - TARGET AUDIENCE NOTE | |
| Target audience note | N<br/> |
| Source | Raz-Plus<br/> |
| 650 ## - SUBJECT ADDED ENTRY--TOPICAL TERM | |
| Source of heading or term | Astronaut |
| Topical term or geographic name entry element | African American |
| 650 ## - SUBJECT ADDED ENTRY--TOPICAL TERM | |
| Source of heading or term | Picture book |
| Topical term or geographic name entry element | Libraries |
| 700 ## - ADDED ENTRY--PERSONAL NAME | |
| Personal name | Tate, Don |
| Dates associated with a name | illustrator |
| 942 ## - ADDED ENTRY ELEMENTS (KOHA) | |
| Source of classification or shelving scheme | Dewey Decimal Classification |
| Koha item type | Books |
| Suppress in OPAC | No |
| Withdrawn status | Lost status | Source of classification or shelving scheme | Damaged status | Not for loan | Collection | Home library | Current library | Shelving location | Date acquired | Total Checkouts | Full call number | Barcode | Date last seen | Copy number | Price effective from | Koha item type |
|---|---|---|---|---|---|---|---|---|---|---|---|---|---|---|---|---|
| Dewey Decimal Classification | Juvenile Fiction | Footprints International School Library Network Toul Tom Poung Campus | Footprints International School Library Network Toul Tom Poung Campus | TTP Primary Yellow Bookshelves | 08/25/2025 | BLU 323.1196 PZ7.B6248 R | FIS02167 | 08/25/2025 | 1 | 08/25/2025 | Books | |||||
| Dewey Decimal Classification | Juvenile Fiction | Footprints International School Library Network Toul Tom Poung Campus | Footprints International School Library Network Toul Tom Poung Campus | TTP Primary Yellow Bookshelves | 12/19/2025 | BLU 323.1196 PZ7.B6248 R | FIS02073 | 12/19/2025 | 2 | 12/19/2025 | Books |
